Mob Psycho 100 : 1 /

Shigeo "Mob" Kageyama quiere una adolescencia invisible: buenas notas, amigos y el amor de Tsubomi. El problema es que posee poderes psíquicos que, por miedo a destacar, mantiene ocultos. Entre exorcismos chapuceros, un charlatán que "orienta" a los espíritus y crisis personales,...

Descripción completa

Guardado en:
Autor Principal: One.
Otros Autores: Ferreyra, Nathalia; trad.
Formato: Libro
Idioma:Undetermined
Publicado: Buenos Aires : Ivrea, 2021.
Materias:
Etiquetas: Agregar Etiqueta
Sin Etiquetas, Sea el primero en etiquetar este registro!
LEADER 01058nam a22002175a 4500
001 CEM.cems025247
008 260630s2021####ag#a##########000#0#und#d
005 20260701181937.0
245 1 0 |a Mob Psycho 100 :  |b 1 /  |c One. 
260 |a Buenos Aires :  |b Ivrea,  |c 2021. 
300 |a 388 p. :  |b il. 
500 |a Traducción: Nathalia Ferreyra. 
520 |a Shigeo "Mob" Kageyama quiere una adolescencia invisible: buenas notas, amigos y el amor de Tsubomi. El problema es que posee poderes psíquicos que, por miedo a destacar, mantiene ocultos. Entre exorcismos chapuceros, un charlatán que "orienta" a los espíritus y crisis personales, Mob intenta controlar sus emociones para no dejar que su enorme poder lo consuma. Un primer tomo que mezcla comedia, reflexión y escaladas sobrenaturales con ritmo implacable. 
020 |a 9788418751684 
100 1 |a One. 
700 1 |a Ferreyra, Nathalia; trad. 
653 |a Manga 
653 |a Comic 
653 |a Superhéroes 
653 |a Literatura japonesa 
859 |a CEMS  |b BIB. CEMS - 11 de abril  |h 895.63  |p 30491.25  |t Ej.1  |v 1  |3 1